000 00719nam a2200277Ia 4500
003 OSt
005 20220918163424.0
006 a|||||r|||| 00| 0
007 ta
008 220917b |||||||| |||| 00| 0 eng d
020 _a0 7153 7407 9
024 _a252,082
037 _cTextual
040 _aARTS
_cARTS
_beng
041 _2eng
_aeng
082 _aY753:1, L7
100 _aCarroll Joseph T
_913054
245 0 _aFrench
_b How they live and work
250 _arev.
260 _aLondon
_bDavid and Charles Uk
_c1977
300 _a159p.
_ccm.
490 _aHow they live and work
650 _aSOCIOLOGY
942 _hY753:1, L7
_cTEXL
_2CC
999 _c119508
_d119508